000 00993nam a22002297a 4500
999 _c1047
_d1047
003 AR-CdUCM
008 190226b ||||| |||| 00| 0 spa d
020 _a8474231035
040 _aMUNICIPALIDAD PROVINCIAL DEL CUSCO
_cBIBLIOTECA MUNICIPAL DEL CUSCO
082 _a330.98 /
_bC26
100 _aCardoso, Ciro F. S.
_94081
245 _aHistoria económica de América Latina :
_bsistemas agrarios e historia colonial /
260 _aMéxico :
_bCritica,
_c1979.
300 _a232 páginas ;
_bCuadros.
_c20 cm.
505 _aContenido: Historia económica e historia de la agricultura: perspectivas metodológicas y lineas de investigación -- Los elementos formadores: sistemas agrarios de Europa, América precolombina y África precolonial -- El mundo colonial (siglos XVI a XVIII) ...
650 _aAgricultura
_9320
650 _aFeudalismo
_91761
650 _aEconomía colonial
_94082
700 _aPérez Brignoli, Héctor
_94083
942 _2ddc
_cLIBROS
945 _aafb
_d2019-02-26